00516nam a2200169Ia 450000500170000000800410001702000150005808200130007310000160008624500140010226000460011630000200016250000440018294200060022695200990023299900150033120250305004047.0240331s9999 xx 000 0 und d a9559757016 bKURa891 aKuruppu,B.B 0aArdhanari aNugegodabPiyasiri Printing systemsc2002 aXvii, 339 p .,  astory of a prisoner in a camp in China cL 001040708LaWERCLbWERCLcSSCd2024-03-31l0o 891.811 KURp1801r2024-03-31w2024-03-31yL c5315d5315